000 00740nam a22002537a 4500
999 _c174078
_d174078
005 20200317111326.0
010 _aENG-128069
020 _a9789388028752
_c795.00
035 _aEN-111601
037 _bDBAD/PUB
082 _a410
100 _aAkmajian,Adrian
245 _aLinguistics:
_cby Adrian Akmajian...[et al].
_ban introduction to language and communication
250 _a7th.
260 _aDelhi
_bPHI Learning
_c2019
270 _a111,Patparganj Industrial Estate
_b Delhi
_e110092
300 _axiv;553p.
_c24cm(pbk)
500 _aincludes index
700 _aFarmer,Ann K
700 _aBickmore, Lee
700 _aDemers,Richard A
700 _aHarnish,Robert M
942 _2ddc
_cEN
_h410
_mAKM